Градови по бившим именима - Statistics

General Stats
  • This quiz has been taken 611 times
  • The average score is 7 of 20
Answer Stats
Старо име Тренутно име % Correct
Константинопољ Истанбул
94%
Сингидунум Београд
90%
Лењинград Санкт Петербург
70%
Лондинијум Лондон
63%
Бомбај Мумбај
61%
Нови Амстердам Њујорк
56%
Бечкерек Зрењанин
50%
Стаљинград Волгоград
39%
Данциг Гдањск
31%
Сајгон Хо Ши Мин
29%
Едо Токио
27%
Смирна Измир
27%
Теночтитлан Мексико Сити
24%
Кенигсберг Калињинград
18%
Леополдвил Киншаса
15%
Кристијанија Осло
15%
Рангун Јангон
9%
Батавија Џакарта
8%
Мадрас Ченај
5%
Кантон Гуангџоу
2%
No matching quizzes found
Score Distribution
Percent of People with Each Score
Percentile by Number Answered
Your Score History
You have not taken this quiz